| 000 | 00765nam a2200265Ia 4500 | ||
|---|---|---|---|
| 003 | OSt | ||
| 005 | 20220924124126.0 | ||
| 006 | a|||||r|||| 00| 0 | ||
| 007 | ta | ||
| 008 | 220923b |||||||| |||| 00| 0 urd d | ||
| 020 | _a8175872276 (hbk) | ||
| 020 | _c457 | ||
| 024 | _a280081 | ||
| 037 |
_b2962, 19/03/2009, Kitabi Duniya _cTextual |
||
| 040 |
_aARTS _cARTS _burd |
||
| 041 |
_2urd _aurd |
||
| 082 | _aO168,8:g, P8 | ||
| 100 | _aQasmi Abul Kalam Au. | ||
| 245 | 0 | _aAzadi ke baad Urdu tanz wa mazah | |
| 260 |
_aNew Delhi _b N.C.P.U.L. India _c2008 |
||
| 300 |
_a655p. _ccm. |
||
| 650 | _aURDU SATIRE | ||
| 942 |
_hO168,8:g, P8 _cTEXL _2CC |
||
| 999 |
_c418504 _d418504 |
||